Financovanie škôl - novela zákona
Nariadenie vlády č. 531/2010 Z.z. Komentár k nariadeniu vlády SR č. 531/2010 Z.z. zo dňa 15. decembra 2010, ktorým sa mení a dopĺňa nariadenie vlády SR č. 668/2004 Z.z. o rozdeľovaní výnosu dane z príjmov územnej samospráve v z.n.p. Prílohy a komentáre.
Salvato in:
| Autore principale: | |
|---|---|
| Natura: | Capitolo di libro |
| Lingua: | slovacco |
| Soggetti: | |
| Tags: |
Nessun Tag, puoi essere il primo ad aggiungerne!!
|
MARC
| LEADER | 00000naa a2200000 4500 | ||
|---|---|---|---|
| 001 | 0126200 | ||
| 005 | 20231120115116.9 | ||
| 041 | 0 | |a slo | |
| 044 | |a SK | ||
| 245 | 1 | 0 | |a Financovanie škôl - novela zákona |c Ján Matula |
| 520 | |a Nariadenie vlády č. 531/2010 Z.z. Komentár k nariadeniu vlády SR č. 531/2010 Z.z. zo dňa 15. decembra 2010, ktorým sa mení a dopĺňa nariadenie vlády SR č. 668/2004 Z.z. o rozdeľovaní výnosu dane z príjmov územnej samospráve v z.n.p. Prílohy a komentáre. | ||
| 610 | 2 | 0 | |a školstvo |
| 610 | 2 | 0 | |a školy |
| 610 | 2 | 0 | |a financovanie |
| 610 | 2 | 0 | |a zákony |
| 610 | 2 | 0 | |a novelizácia |
| 100 | 1 | |a Matula, Ján | |